| 000 | 00893nam a22001817a 4500 | ||
|---|---|---|---|
| 999 |
_c63603 _d63603 |
||
| 003 | Ge_BSU | ||
| 005 | 20251113200620.0 | ||
| 008 | 251113s2007 ge ||||| |||| 00| 0 geo d | ||
| 041 | _ageo | ||
| 080 | _a336(479.22)(075.8) გ-44 | ||
| 100 |
_aგვიშიანი, ნ. _924963 |
||
| 245 |
_aროგორ შევადგინოთ პროგრამული ბიუჯეტი საქართველოს თვითმმართველობებში : _bსახელმძღვანელო / _cნ. გვიშიანი, უ. კრაუზე. |
||
| 264 |
_aთბილისი, _c2007. |
||
| 300 |
_a102 გვ.; _b39 სმ. |
||
| 653 | _aბიუჯეტის შედგენა თვითმმართველობებში | ||
| 700 |
_aკრაუზე, უ. _eავტორი _926219 |
||
| 942 |
_2udc _cᲬᲘᲒᲜᲘ |
||